Dogs on duty : (Record no. 6138)

MARC details
000 -LEADER
fixed length control field 01019nam a22002897a 4500
001 - CONTROL NUMBER
control field 6138
003 - CONTROL NUMBER IDENTIFIER
control field FISKH
005 - DATE AND TIME OF LATEST TRANSACTION
control field 20260106085632.0
008 - FIXED-LENGTH DATA ELEMENTS--GENERAL INFORMATION
fixed length control field 250318b cb ||||| |||| 00| 0 eng d
020 ## - INTERNATIONAL STANDARD BOOK NUMBER
International Standard Book Number 9780545500944
040 ## - CATALOGING SOURCE
Original cataloging agency FISKH
Language of cataloging eng
Transcribing agency FISKH
Modifying agency FISKH
050 ## - LIBRARY OF CONGRESS CALL NUMBER
Classification number UH100 .P38
082 ## - DEWEY DECIMAL CLASSIFICATION NUMBER
Classification number 355.4
100 ## - MAIN ENTRY--PERSONAL NAME
Personal name Patent, Dorothy Hinshaw
245 ## - TITLE STATEMENT
Title Dogs on duty :
Remainder of title soldiers best friend on the battlefield and beyond /
Statement of responsibility, etc. By Dorothy Hinshaw Patent
250 ## - EDITION STATEMENT
Edition statement First Scholastic printing , October 2012
260 ## - PUBLICATION, DISTRIBUTION, ETC.
Date of publication, distribution, etc. 2012
300 ## - PHYSICAL DESCRIPTION
Extent 48 pages:
Other physical details color illustrations ;
Dimensions 22*25 cm .
505 ## - FORMATTED CONTENTS NOTE
Formatted contents note Z <br/>
520 ## - SUMMARY, ETC.
Summary, etc. Documents the contributions of specially trained military dogs, profiling noteworthy canine heroes while covering such topics as how they are trained and what happens to them when they retire.
521 8# - TARGET AUDIENCE NOTE
Target audience note 1190 <br/>
Source Lexile NC <br/>
521 8# - TARGET AUDIENCE NOTE
Target audience note Z <br/>
Source Raz-Plus <br/>
650 ## - SUBJECT ADDED ENTRY--TOPICAL TERM
Topical term or geographic name entry element Navy Seals
Form subdivision Fiction
700 ## - ADDED ENTRY--PERSONAL NAME
Personal name Roff, Regina
Relator term Book designer
942 ## - ADDED ENTRY ELEMENTS (KOHA)
Source of classification or shelving scheme Dewey Decimal Classification
Koha item type Books
Suppress in OPAC No
Holdings
Withdrawn status Lost status Source of classification or shelving scheme Damaged status Not for loan Collection Home library Current library Shelving location Date acquired Total Checkouts Full call number Barcode Date last seen Price effective from Koha item type
    Dewey Decimal Classification     Fiction Footprints International School Library Network Toul Tom Poung Campus Footprints International School Library Network Toul Tom Poung Campus TTP Secondary Fiction Bookshelves 03/18/2025   PAT 355.4 UH100 .P38 FIS05570 03/18/2025 03/18/2025 Books